Dividendy firiem indexu Dow Jones Industrial Averige

Tak ako prekonávajú rekordy vo vyplácaní dividend firmy, ktoré sú súčasťou akciového indexu S&P 500, podobne dobre si vedú aj firmy jedného z najstarších akciových indexov Dow Jones Industrial Average. Firmy, ktoré sú zahrnuté v tomto indexe predstavujú tzv. americké "blue chips". Pod týmto pojmom s...

Descrizione completa

Salvato in:
Dettagli Bibliografici
Autore principale: Kmeťko, Miroslav, 1969-
Natura: Capitolo di libro
Lingua:slovacco
Soggetti:
Tags: Aggiungi Tag
Nessun Tag, puoi essere il primo ad aggiungerne!!

MARC

LEADER 00000nla a2200000 4500
001 0151508
005 20240502072719.0
041 0 |a slo 
044 |a SK 
245 1 0 |a Dividendy firiem indexu Dow Jones Industrial Averige  |c Miroslav Kmeťko 
520 |a Tak ako prekonávajú rekordy vo vyplácaní dividend firmy, ktoré sú súčasťou akciového indexu S&P 500, podobne dobre si vedú aj firmy jedného z najstarších akciových indexov Dow Jones Industrial Average. Firmy, ktoré sú zahrnuté v tomto indexe predstavujú tzv. americké "blue chips". Pod týmto pojmom sa označujú najlepšie spoločnosti na danom trhu. 
610 2 0 |a trh akciový 
610 2 0 |a dividendy 
610 2 0 |a financie 
610 2 0 |a firmy 
610 2 0 |a indexy akciové 
100 1 |a Kmeťko, Miroslav, 1969-